[Event "Bohumin op-A 6th"]
[Site "Bohumin"]
[Date "2023.07.06"]
[Round "6"]
[White "Sikora, Jan"]
[Black "Kubik, Rafal"]
[Result "1/2-1/2"]
[WhiteElo "2163"]
[BlackElo "1962"]
[PlyCount "133"]
[EventDate "2023.07.01"]
[EventType "swiss"]
[EventRounds "9"]
[EventCountry "CZE"]
[SourceTitle "CBM 215 Extra"]
[Source "ChessBase"]
[SourceDate "2023.09.30"]
[SourceVersion "1"]
[SourceVersionDate "2023.09.30"]
[SourceQuality "1"]

1. e4 c5 2. Nf3 d6 3. d4 cxd4 4. Nxd4 Nf6 5. Nc3 g6 6. g3 Nc6 7. Nde2 Bg7 8. Bg2 0-0 9. 0-0 Rb8 10. a4 a6 11. h3 b5 12. axb5 axb5 13. Nd5 Ne5 14. Ra7 Nxd5 15. exd5 Rb7 16. Ra8 Nc4 17. b3 Nb6 18. Ra2 Bd7 19. Nd4 Qc8 20. Kh2 Rc7 21. Bg5 Re8 22. Re1 Kf8 23. Qd3 Rc5 24. b4 Rc3 25. Qd2 Qc4 26. Re4 Qxa2 27. Qxc3 Nxd5 28. Qd2 f6 29. Bh6 Nc7 30. Rh4 Qf7 31. Bxg7+ Kxg7 32. Qc3 Nd5 33. Qb3 e6 34. Bxd5 exd5 35. Qd3 Qe7 36. Rf4 g5 37. Rf3 Qe1 38. c3 Qe4 39. Qd1 Qg6 40. Qd2 g4 41. hxg4 Bxg4 42. Re3 Bd7 43. Rxe8 Qxe8 44. Kg2 Qe5 45. Qe3 Qe4+ 46. Kh2 Kg6 47. Qe2 Qxe2 48. Nxe2 Kf5 49. f3 Ke5 50. Nd4 f5 51. Kg2 h5 52. Kf2 f4 53. g4 hxg4 54. fxg4 Bxg4 55. Nxb5 Bd7 56. Nd4 Ke4 57. b5 Kd3 58. b6 Bc8 59. Nb5 Ba6 60. Nxd6 Kxc3 61. b7 Bxb7 62. Nxb7 d4 63. Nc5 d3 64. Kf3 d2 65. Ne4+ Kc2 66. Nxd2 Kxd2 67. Kxf4 1/2-1/2

[Event "Bohumin op-A 6th"]
[Site "Bohumin"]
[Date "2023.07.05"]
[Round "5"]
[White "Kubik, Rafal"]
[Black "O'Cuilleanain, Oisin"]
[Result "1/2-1/2"]
[WhiteElo "1962"]
[BlackElo "2130"]
[PlyCount "113"]
[EventDate "2023.07.01"]
[EventType "swiss"]
[EventRounds "9"]
[EventCountry "CZE"]
[SourceTitle "CBM 215 Extra"]
[Source "ChessBase"]
[SourceDate "2023.09.30"]
[SourceVersion "1"]
[SourceVersionDate "2023.09.30"]
[SourceQuality "1"]

1. e4 e5 2. Nf3 Nc6 3. Bc4 Bc5 4. c3 Nf6 5. d3 d6 6. 0-0 Bb6 7. Re1 h6 8. a4 a5 9. Nbd2 Ne7 10. Nf1 Ng6 11. Ng3 0-0 12. h3 Re8 13. Bb3 Be6 14. d4 Bxb3 15. Qxb3 d5 16. Nxe5 Nxe5 17. dxe5 Nxe4 18. Nxe4 Rxe5 19. Be3 Rxe4 20. Bxb6 cxb6 21. Rxe4 dxe4 22. Re1 Qf6 23. Qd5 Rd8 24. Qxe4 Rd2 25. Re2 Rxe2 26. Qxe2 Qc6 27. Qg4 b5 28. axb5 Qxb5 29. Qc8+ Kh7 30. Qc7 f6 31. Qd8 a4 32. Qd4 f5 33. c4 Qb3 34. c5 Qc2 35. f3 Qb3 36. Kh2 Qe6 37. Qxa4 Qe5+ 38. Kh1 Qxc5 39. Qf4 b5 40. b4 Qd5 41. g4 Kg6 42. h4 fxg4 43. Qxg4+ Kh7 44. Kg2 Qe5 45. h5 Qe2+ 46. Kg3 Qe1+ 47. Kg2 Qe2+ 48. Kg3 Qc2 49. Qd4 Qb1 50. Qc5 Qe1+ 51. Kg4 Qe2 52. Qf5+ Kg8 53. Qc8+ Kf7 54. Qd7+ Kf6 55. Qd8+ Kf7 56. Qd7+ Kg8 57. Qc8+ 1/2-1/2

[Event "POL-ch U16"]
[Site "Jastrzebia Gora"]
[Date "2023.??.??"]
[Round "3"]
[White "Kubik, Rafal"]
[Black "Ugorek, Kacper"]
[Result "1-0"]
[WhiteElo "1995"]
[BlackElo "1650"]
[PlyCount "103"]
[EventDate "2023.03.11"]
[EventType "swiss"]
[EventRounds "9"]
[EventCountry "POL"]
[SourceTitle "CBM 213 Extra"]
[Source "ChessBase"]
[SourceDate "2023.05.31"]
[SourceVersion "1"]
[SourceVersionDate "2023.05.31"]
[SourceQuality "1"]

1. e4 d6 2. d4 Nf6 3. Nc3 g6 4. Be3 c6 5. Qd2 b5 6. f3 Nbd7 7. a3 Qc7 8. Nge2 Nb6 9. b3 Bb7 10. Nc1 h5 11. Nd3 Bg7 12. Rd1 a6 13. Ne2 Nfd7 14. Rc1 c5 15. dxc5 dxc5 16. c4 bxc4 17. bxc4 Na4 18. Bf4 Qc6 19. e5 Nf8 20. Rb1 Rd8 21. Qc2 Bc8 22. Be3 Ne6 23. Nc3 Nxc3 24. Qxc3 Nd4 25. Rd1 0-0 26. Be2 Bf5 27. Nxc5 Nc2+ 28. Kf2 Nxe3 29. Qxe3 Rc8 30. Nb3 Qc7 31. Rd5 Be6 32. Rc5 Qb8 33. f4 Bf5 34. Rc1 Rfd8 35. Rxc8 Rxc8 36. Nd4 Bd7 37. c5 a5 38. c6 Be8 39. Bf3 e6 40. Qc3 Bf8 41. c7 Qb6 42. Kg3 Be7 43. h3 Kf8 44. Ne2 Qa7 45. Kh2 a4 46. Ng3 Qb6 47. Ne4 Qa7 48. Nd6 Bxd6 49. exd6 Kg8 50. Qc5 Qa6 51. Bc6 Kf8 52. d7+ 1-0

[Event "POL-chT 2nd League"]
[Site "Jastrzebia Gora"]
[Date "2022.09.08"]
[Round "6.82"]
[White "Szmyd, Marek"]
[Black "Kubik, Rafal"]
[Result "1/2-1/2"]
[WhiteElo "1885"]
[BlackElo "2023"]
[PlyCount "22"]
[EventDate "2022.09.03"]
[EventType "team-swiss"]
[EventRounds "9"]
[EventCountry "POL"]
[SourceTitle "CBM 210 Extra"]
[Source "ChessBase"]
[SourceDate "2022.11.30"]
[SourceVersion "1"]
[SourceVersionDate "2022.11.30"]
[SourceQuality "1"]
[WhiteTeam "Zarow Goniec"]
[BlackTeam "Rydultowy Ognisko"]
[WhiteTeamCountry "POL"]
[BlackTeamCountry "POL"]

1. e4 c5 2. c4 d6 3. Nc3 g6 4. Nf3 e5 5. d3 Bg7 6. g3 Nc6 7. Bg2 Nge7 8. 0-0 0-0 9. Be3 Nd4 10. Qd2 Ne6 11. Ng5 Nxg5 1/2-1/2

[Event "POL-chT 2nd League"]
[Site "Jastrzebia Gora"]
[Date "2022.09.06"]
[Round "4.70"]
[White "Andrzejewska, Anna"]
[Black "Kubik, Rafal"]
[Result "0-1"]
[WhiteElo "1910"]
[BlackElo "2023"]
[PlyCount "56"]
[EventDate "2022.09.03"]
[EventType "team-swiss"]
[EventRounds "9"]
[EventCountry "POL"]
[SourceTitle "CBM 210 Extra"]
[Source "ChessBase"]
[SourceDate "2022.11.30"]
[SourceVersion "1"]
[SourceVersionDate "2022.11.30"]
[SourceQuality "1"]
[WhiteTeam "Zakrzewo Korona"]
[BlackTeam "Rydultowy Ognisko"]
[WhiteTeamCountry "POL"]
[BlackTeamCountry "POL"]

1. e4 c5 2. Nf3 d6 3. d4 cxd4 4. Nxd4 Nf6 5. Nc3 g6 6. Be3 Bg7 7. f3 0-0 8. Qd2 Nc6 9. 0-0-0 d5 10. Nxc6 bxc6 11. exd5 cxd5 12. Nxd5 Nxd5 13. Qxd5 Qc7 14. Qc5 Qb7 15. Qa3 Bf5 16. Bd3 Rab8 17. b3 Qc6 18. Bxf5 Qc3 19. Bd3 Rbc8 20. h4 Rfd8 21. Qa6 Qa1+ 22. Kd2 Rxc2+ 23. Ke1 Bc3+ 24. Bd2 Bxd2+ 25. Ke2 Qe5+ 26. Kf1 Bc3 27. h5 Qe3 28. Bxc2 Rxd1+ 0-1

[Event "POL-chT U18 1st"]
[Site "Poland"]
[Date "2022.07.02"]
[Round "8.2"]
[White "Kubik, Rafal"]
[Black "Kozlowski, Franciszek"]
[Result "1-0"]
[WhiteElo "1827"]
[BlackElo "1663"]
[PlyCount "71"]
[EventDate "2022.06.25"]
[EventType "team-swiss"]
[EventRounds "9"]
[EventCountry "POL"]
[SourceTitle "EXT 2023"]
[Source "ChessBase"]
[SourceDate "2022.10.05"]
[SourceVersion "1"]
[SourceVersionDate "2022.10.05"]
[SourceQuality "1"]
[WhiteTeam "Ognisko Rydultowy"]
[BlackTeam "Wieliczka MKS MOS"]
[WhiteTeamCountry "POL"]
[BlackTeamCountry "POL"]

1. b3 d5 2. Bb2 c5 3. e3 Nc6 4. Bb5 Bd7 5. c4 a6 6. Bxc6 Bxc6 7. Nf3 e6 8. Ne5 Qc7 9. 0-0 0-0-0 10. d4 f6 11. Nxc6 Qxc6 12. Nd2 Kb8 13. cxd5 Qxd5 14. e4 Qd7 15. Nf3 Nh6 16. Qe2 cxd4 17. Bxd4 e5 18. Bb6 Rc8 19. a4 Bc5 20. Ba5 Qe6 21. Rab1 Ka8 22. Rfd1 Ng4 23. Be1 Rhd8 24. h3 Nh6 25. b4 Rxd1 26. Qxd1 Bb6 27. b5 a5 28. Nd2 Bd8 29. b6 Bxb6 30. Nb3 Nf7 31. Nxa5 Rc5 32. Nxb7 Kxb7 33. a5 Rc6 34. Qa4 Qd6 35. axb6 Rxb6 36. Ra1 1-0

[Event "POL-ch U16"]
[Site "Sypniewo"]
[Date "2022.03.27"]
[Round "9"]
[White "Kotowicz, Kamil"]
[Black "Kubik, Rafal"]
[Result "1/2-1/2"]
[WhiteElo "1764"]
[BlackElo "1732"]
[PlyCount "81"]
[EventDate "2022.03.19"]
[EventType "swiss"]
[EventRounds "9"]
[EventCountry "POL"]
[SourceTitle "CBM 207 Extra"]
[Source "ChessBase"]
[SourceDate "2022.05.31"]
[SourceVersion "1"]
[SourceVersionDate "2022.05.31"]
[SourceQuality "1"]

1. Nf3 Nf6 2. d4 g6 3. Bf4 Bg7 4. c3 d5 5. h3 c5 6. e3 Nc6 7. Bd3 0-0 8. Nbd2 cxd4 9. exd4 Bf5 10. Qc2 Bxd3 11. Qxd3 Re8 12. 0-0 e6 13. Rfe1 Nd7 14. Bg3 Nb6 15. a4 Nc8 16. h4 h5 17. Bf4 Nd6 18. g3 Nf5 19. Nb3 b6 20. Qb5 Nce7 21. Nbd2 Nd6 22. Qb4 Nef5 23. Ne5 Bf8 24. Qb3 Kg7 25. Re2 f6 26. Nd3 Nf7 27. Rae1 Qd7 28. Qb5 Qxb5 29. axb5 Nd8 30. Bc7 Kf7 31. Nf4 Bd6 32. Bxd6 Nxd6 33. Kg2 Rc8 34. f3 Rc7 35. Nb1 Rce7 36. Na3 N8b7 37. Nd3 Nc4 38. Nxc4 dxc4 39. Nb4 Nd6 40. g4 Nxb5 41. g5 1/2-1/2

[Event "POL-ch U16"]
[Site "Sypniewo"]
[Date "2022.03.25"]
[Round "7"]
[White "Kubik, Rafal"]
[Black "Trzebinski, Patryk"]
[Result "1-0"]
[WhiteElo "1732"]
[BlackElo "1711"]
[PlyCount "80"]
[EventDate "2022.03.19"]
[EventType "swiss"]
[EventRounds "9"]
[EventCountry "POL"]
[SourceTitle "CBM 207 Extra"]
[Source "ChessBase"]
[SourceDate "2022.05.31"]
[SourceVersion "1"]
[SourceVersionDate "2022.05.31"]
[SourceQuality "1"]

1. e4 c5 2. Nf3 g6 3. d4 cxd4 4. Qxd4 Nf6 5. Nc3 Bg7 6. e5 Nc6 7. Qa4 Ng8 8. Bf4 Nh6 9. 0-0-0 Ng4 10. Re1 0-0 11. h3 Nh6 12. g4 a6 13. Qe4 Kh8 14. Qe3 Ng8 15. h4 f6 16. h5 g5 17. exf6 Bxf6 18. Bxg5 d5 19. Rd1 Bxg4 20. Rxd5 Qc7 21. Bf4 Bxf3 22. Bxc7 Bxh1 23. Rd1 Bf3 24. Be2 Bxe2 25. Nxe2 Rac8 26. Bg3 Rfd8 27. Rxd8 Rxd8 28. c3 h6 29. Bf4 Rd5 30. Ng3 Ne5 31. Kc2 Nf7 32. Qe6 Rb5 33. Qxf7 a5 34. Qc4 Rb6 35. Ne4 Rc6 36. Qd3 Bg7 37. Qd7 Rc4 38. f3 a4 39. Kd3 b5 40. Qxb5 Rc8 1-0

[Event "POL-ch U16"]
[Site "Sypniewo"]
[Date "2022.03.21"]
[Round "3"]
[White "Kubik, Rafal"]
[Black "Kusiak, Mateusz"]
[Result "1-0"]
[WhiteElo "1732"]
[BlackElo "1715"]
[PlyCount "64"]
[EventDate "2022.03.19"]
[EventType "swiss"]
[EventRounds "9"]
[EventCountry "POL"]
[SourceTitle "CBM 207 Extra"]
[Source "ChessBase"]
[SourceDate "2022.05.31"]
[SourceVersion "1"]
[SourceVersionDate "2022.05.31"]
[SourceQuality "1"]

1. e4 c5 2. c3 d5 3. exd5 Qxd5 4. d4 g6 5. Nf3 Bg7 6. Nbd2 cxd4 7. Bc4 Qd8 8. Nxd4 e5 9. N4f3 Ne7 10. 0-0 0-0 11. Ne4 Qc7 12. Qe2 Nbc6 13. a3 h6 14. Rd1 Na5 15. Ba2 b6 16. Nd6 Nf5 17. Nxf5 Bxf5 18. Nh4 Qc8 19. Bd5 Rb8 20. Nxf5 Qxf5 21. Be3 Rfd8 22. f3 Rd7 23. b4 Nb7 24. Rac1 Nd8 25. c4 Rc8 26. c5 Rdc7 27. Qd2 bxc5 28. Bxc5 Qd7 29. Qc2 Qb5 30. Qxg6 Rxc5 31. bxc5 Rxc5 32. Qd6 Bf8 1-0

[Event "POL-ch U15 Qual"]
[Site "Jastrzebia Gora"]
[Date "2021.11.17"]
[Round "4"]
[White "Kubik, Rafal"]
[Black "Kusiak, Mateusz"]
[Result "1/2-1/2"]
[WhiteElo "1718"]
[BlackElo "1755"]
[PlyCount "108"]
[EventDate "2021.11.15"]
[EventType "swiss"]
[EventRounds "9"]
[EventCountry "POL"]
[SourceTitle "EXT 2023"]
[Source "ChessBase"]
[SourceDate "2022.10.05"]
[SourceVersion "1"]
[SourceVersionDate "2022.10.05"]
[SourceQuality "1"]

1. e4 c5 2. c3 Nf6 3. e5 Nd5 4. Nf3 e6 5. d4 cxd4 6. cxd4 d6 7. Bc4 Nc6 8. 0-0 Be7 9. Qe2 h6 10. Rd1 a6 11. Nc3 Nxc3 12. bxc3 d5 13. Bd3 Na5 14. a4 Bd7 15. Ba3 Bxa3 16. Rxa3 Rc8 17. Nd2 Qb6 18. Rb1 Qa7 19. Qe1 Rc7 20. Nb3 Nxb3 21. Rbxb3 Ke7 22. a5 Rhc8 23. g3 Rg8 24. Qb1 Bc6 25. Rb6 Rd8 26. Qb4+ Ke8 27. f4 g6 28. Rb3 Qa8 29. g4 Qc8 30. Rb2 Qd7 31. f5 gxf5 32. gxf5 Qe7 33. Qxe7+ Kxe7 34. f6+ Kd7 35. Rg2 Kc8 36. Rb3 Ba4 37. Ra3 Bb5 38. Bxb5 axb5 39. Rg7 Kb8 40. Rb3 Ka7 41. Rxb5 Ka6 42. Rc5 Rxc5 43. dxc5 Rd7 44. Kf2 Kb5 45. Ke3 Kc4 46. Kd2 d4 47. Rg4 Kxc5 48. Kd3 dxc3+ 49. Kxc3 Kb5 50. Rh4 Kxa5 51. Rxh6 b5 52. Rh4 Rc7+ 53. Kb3 Kb6 54. Rd4 Rc5 1/2-1/2

[Event "POL-ch U15 Qual"]
[Site "Jastrzebia Gora"]
[Date "2021.11.15"]
[Round "1"]
[White "Kubik, Rafal"]
[Black "Klisowski, Bartosz"]
[Result "1-0"]
[WhiteElo "1718"]
[BlackElo "1392"]
[PlyCount "39"]
[EventDate "2021.11.15"]
[EventType "swiss"]
[EventRounds "9"]
[EventCountry "POL"]
[SourceTitle "EXT 2023"]
[Source "ChessBase"]
[SourceDate "2022.10.05"]
[SourceVersion "1"]
[SourceVersionDate "2022.10.05"]
[SourceQuality "1"]

1. e4 c5 2. Nf3 g6 3. d4 cxd4 4. Qxd4 Nf6 5. Nc3 Nc6 6. Qa4 d5 7. e5 d4 8. Nb5 Nd7 9. e6 fxe6 10. Nbxd4 Nde5 11. Nxe5 Qxd4 12. Qxd4 Nxd4 13. Be3 Nxc2+ 14. Kd2 Nxa1 15. Bb5+ Kd8 16. Nf7+ Kc7 17. Rc1+ Nc2 18. Rxc2+ Kb8 19. Bf4+ e5 20. Bxe5# 1-0

[Event "Ustron op-C"]
[Site "Ustron"]
[Date "2021.08.19"]
[Round "8"]
[White "Kubik, Rafal"]
[Black "Stypka, Sebastian"]
[Result "1/2-1/2"]
[WhiteElo "1504"]
[BlackElo "1243"]
[PlyCount "103"]
[EventDate "2021.08.13"]
[EventType "swiss"]
[EventRounds "9"]
[EventCountry "POL"]
[SourceTitle "EXT 2022"]
[Source "ChessBase"]
[SourceDate "2021.10.06"]
[SourceVersion "1"]
[SourceVersionDate "2021.10.06"]
[SourceQuality "1"]

1. b3 d5 2. Bb2 Nf6 3. Nf3 c5 4. e3 Nc6 5. Bb5 Bd7 6. 0-0 e6 7. Bxc6 Bxc6 8. Ne5 Rc8 9. Nxc6 Rxc6 10. c4 d4 11. exd4 cxd4 12. d3 Bc5 13. Nd2 0-0 14. Nf3 Qd6 15. Qe2 Nd7 16. a3 a5 17. b4 axb4 18. axb4 Bxb4 19. Nxd4 Ra6 20. Nb5 Qf4 21. g3 Qf5 22. Rxa6 bxa6 23. Nd4 Qg5 24. Ra1 a5 25. Nc6 Rc8 26. Nxb4 axb4 27. Ra7 Qd8 28. Qg4 Nf6 29. Qg5 h6 30. Bxf6 Qxf6 31. Qxf6 gxf6 32. Rb7 Rd8 33. Rxb4 Rxd3 34. c5 Rc3 35. Rb8+ Kg7 36. Rc8 e5 37. c6 e4 38. Kf1 e3 39. fxe3 Rxe3 40. c7 Rc3 41. Ke2 h5 42. Kd2 Rc4 43. Kd3 Rc1 44. Ke3 Rc4 45. Kf3 Kh7 46. h3 Kg7 47. Ke3 Rc3+ 48. Ke4 Rc1 49. h4 Re1+ 50. Kd3 Rc1 51. Ke3 Rc4 52. Kd3 1/2-1/2

[Event "POL-ch U14"]
[Site "Uniejow"]
[Date "2021.07.24"]
[Round "8"]
[White "Wasilewski, Stanislaw"]
[Black "Kubik, Rafal"]
[Result "1/2-1/2"]
[WhiteElo "1319"]
[BlackElo "1738"]
[PlyCount "71"]
[EventDate "2021.07.18"]
[EventType "swiss"]
[EventRounds "9"]
[EventCountry "POL"]
[SourceTitle "EXT 2022"]
[Source "ChessBase"]
[SourceDate "2021.10.06"]
[SourceVersion "1"]
[SourceVersionDate "2021.10.06"]
[SourceQuality "1"]

1. Nf3 d6 2. c4 e5 3. Nc3 Nc6 4. g3 f5 5. Bg2 Nf6 6. d4 e4 7. Nd2 g6 8. Nb3 Bg7 9. Bd2 0-0 10. h4 Bd7 11. Bg5 h6 12. Bf4 Kh7 13. Qd2 Ne7 14. d5 a6 15. Nd4 b5 16. cxb5 axb5 17. Ndxb5 Bxb5 18. Nxb5 Nfxd5 19. Nd4 Qd7 20. f3 Ra4 21. Nb3 Rfa8 22. fxe4 Nxf4 23. gxf4 Rxa2 24. Rxa2 Rxa2 25. exf5 Nxf5 26. h5 Rxb2 27. hxg6+ Kxg6 28. Qd3 Qa4 29. Bh3 Bc3+ 30. Qxc3 Rxb3 31. Rg1+ Kf7 32. Qxc7+ Ne7 33. Rg7+ Kxg7 34. Qxe7+ Kg6 35. Qe6+ Kg7 36. Qe7+ 1/2-1/2

[Event "POL-ch U14"]
[Site "Uniejow"]
[Date "2021.07.22"]
[Round "6"]
[White "Turowski, Maciej"]
[Black "Kubik, Rafal"]
[Result "1/2-1/2"]
[WhiteElo "1447"]
[BlackElo "1738"]
[PlyCount "130"]
[EventDate "2021.07.18"]
[EventType "swiss"]
[EventRounds "9"]
[EventCountry "POL"]
[SourceTitle "EXT 2022"]
[Source "ChessBase"]
[SourceDate "2021.10.06"]
[SourceVersion "1"]
[SourceVersionDate "2021.10.06"]
[SourceQuality "1"]

1. Nf3 Nf6 2. c4 g6 3. g3 c6 4. Bg2 Bg7 5. 0-0 0-0 6. Nc3 d5 7. cxd5 cxd5 8. d4 Ne4 9. Nxe4 dxe4 10. Ne5 Nd7 11. Nxd7 Qxd7 12. e3 f5 13. b3 b6 14. Bb2 Ba6 15. Re1 Rac8 16. Bf1 Bxf1 17. Kxf1 e6 18. Qe2 Rfd8 19. Rac1 Bf8 20. Rxc8 Rxc8 21. Rc1 Rxc1+ 22. Bxc1 b5 23. Qc2 a6 24. Bd2 Kf7 25. Ba5 Bd6 26. Ke2 Ke8 27. Qc3 Qb7 28. Bb4 Qc7 29. Kd2 Qxc3+ 30. Kxc3 Bc7 31. Bc5 Kd7 32. Bf8 Kc6 33. Be7 Kd5 34. Kb4 Bb6 35. Kc3 e5 36. dxe5 Kxe5 37. Kd2 Ba5+ 38. Ke2 Kd5 39. h4 h5 40. Ba3 Bc3 41. Be7 a5 42. Bf8 a4 43. Be7 Kc6 44. Bf8 axb3 45. axb3 Kb6 46. Be7 Ka5 47. Bd6 Bf6 48. Bc5 g5 49. hxg5 Bxg5 50. f4 Bf6 51. Bd6 Bc3 52. Bc5 Ka6 53. Bd6 Kb6 54. Be7 Kc6 55. Bf8 Kd5 56. Be7 Ba5 57. Bf8 Bb6 58. Bb4 Bd8 59. Bf8 h4 60. gxh4 Bxh4 61. Bb4 Bf6 62. Bf8 Bc3 63. Be7 Ke6 64. Bc5 Kf6 65. Bf8 Ke6 1/2-1/2

[Event "POL-chT U20"]
[Site "Lublin"]
[Date "2021.07.03"]
[Round "8.3"]
[White "Malek, Jan"]
[Black "Kubik, Rafal"]
[Result "0-1"]
[WhiteElo "2097"]
[BlackElo "1761"]
[PlyCount "78"]
[EventDate "2021.06.26"]
[EventType "team-tourn"]
[EventRounds "9"]
[EventCountry "POL"]
[SourceTitle "CBM 203 Extra"]
[Source "ChessBase"]
[SourceDate "2021.09.30"]
[SourceVersion "1"]
[SourceVersionDate "2021.09.30"]
[SourceQuality "1"]
[WhiteTeam "Krakow KKSz"]
[BlackTeam "Rydultowy Ognisko"]
[WhiteTeamCountry "POL"]
[BlackTeamCountry "POL"]

1. e4 c5 2. Nf3 g6 3. c3 d5 4. exd5 Qxd5 5. d4 Bg7 6. dxc5 Qxc5 7. Be2 Nf6 8. Na3 a6 9. Nc4 Nbd7 10. a4 0-0 11. 0-0 Qc7 12. a5 b5 13. axb6 Nxb6 14. Bf4 Qxf4 15. Nxb6 Rb8 16. Nxc8 Rfxc8 17. Qc2 Nd5 18. Rfd1 e6 19. Bxa6 Rc6 20. Qe2 Rcb6 21. Rd2 Qc7 22. g3 Qa7 23. Ra3 Bf8 24. Ra2 Nc7 25. Bc4 Qb7 26. Ne5 Nd5 27. Qf3 Bg7 28. Rxd5 Bxe5 29. Rd3 Qxf3 30. Rxf3 Rxb2 31. Ra7 R8b7 32. Rxf7 Rxf7 33. Bxe6 Rbxf2 34. Bxf7+ Rxf7 35. Rxf7 Kxf7 36. c4 Ke6 37. Kf2 Bd4+ 38. Kf3 Kf5 39. h4 h5 0-1

[Event "POL-chT U20"]
[Site "Lublin"]
[Date "2021.07.01"]
[Round "6.3"]
[White "Meers, Hubert"]
[Black "Kubik, Rafal"]
[Result "1-0"]
[WhiteElo "1974"]
[BlackElo "1761"]
[PlyCount "55"]
[EventDate "2021.06.26"]
[EventType "team-tourn"]
[EventRounds "9"]
[EventCountry "POL"]
[SourceTitle "CBM 203 Extra"]
[Source "ChessBase"]
[SourceDate "2021.09.30"]
[SourceVersion "1"]
[SourceVersionDate "2021.09.30"]
[SourceQuality "1"]
[WhiteTeam "Trzebinia UKS Hetman Koronny"]
[BlackTeam "Rydultowy Ognisko"]
[WhiteTeamCountry "POL"]
[BlackTeamCountry "POL"]

1. e4 e5 2. Bc4 Nc6 3. Nc3 Nf6 4. d3 Na5 5. Nge2 Nxc4 6. dxc4 d6 7. Qd3 Be6 8. b3 Be7 9. Bb2 Qd7 10. 0-0-0 0-0-0 11. h3 Kb8 12. Kb1 Ne8 13. f4 f6 14. Qe3 c6 15. Rd2 Bf7 16. Rhd1 Qc8 17. Ba3 g6 18. c5 dxc5 19. fxe5 fxe5 20. Bxc5 Rxd2 21. Bxa7+ Ka8 22. Rxd2 b5 23. Bc5 Bxc5 24. Qxc5 Qc7 25. a4 bxa4 26. Nxa4 Nf6 27. Nec3 Nd7 28. Rxd7 1-0

[Event "POL-chT U20"]
[Site "Lublin"]
[Date "2021.06.27"]
[Round "2.3"]
[White "Kubik, Rafal"]
[Black "Madej, Marek"]
[Result "0-1"]
[WhiteElo "1761"]
[BlackElo "1805"]
[PlyCount "110"]
[EventDate "2021.06.26"]
[EventType "team-tourn"]
[EventRounds "9"]
[EventCountry "POL"]
[SourceTitle "CBM 203 Extra"]
[Source "ChessBase"]
[SourceDate "2021.09.30"]
[SourceVersion "1"]
[SourceVersionDate "2021.09.30"]
[SourceQuality "1"]
[WhiteTeam "Rydultowy Ognisko"]
[BlackTeam "Wroclaw Polonia"]
[WhiteTeamCountry "POL"]
[BlackTeamCountry "POL"]

1. e4 c6 2. Nf3 d5 3. Nc3 Nf6 4. e5 Ne4 5. Ne2 Qb6 6. d4 e6 7. Ng3 c5 8. Bd3 f5 9. exf6 Nxf6 10. c3 Nc6 11. 0-0 Bd6 12. Re1 0-0 13. Bc2 cxd4 14. cxd4 Bd7 15. a3 Rae8 16. b4 a5 17. bxa5 Nxa5 18. Ne5 Bxe5 19. dxe5 Ng4 20. Be3 Nxe3 21. fxe3 Nc4 22. Qd4 Qc7 23. Bb3 Qxe5 24. Bxc4 Qxd4 25. exd4 dxc4 26. Ne4 Bc6 27. Nd6 Rd8 28. Nxc4 Rxd4 29. Rac1 h6 30. Ne5 Bd5 31. Rc3 Rd2 32. Nf3 Ra2 33. Rce3 Ra8 34. R3e2 R8xa3 35. Nd4 Rxe2 36. Rxe2 Kf7 37. Nb5 Rb3 38. Nd6+ Ke7 39. Nf5+ Kf6 40. Ne3 b5 41. Kf2 b4 42. Rd2 Ke5 43. g3 Ra3 44. Nc2 Ra4 45. Ne1 b3 46. Ke3 Re4+ 47. Kf2 Kd6 48. Nd3 Kc6 49. Nf4 Kc5 50. Ne2 Kb4 51. h4 Rc4 52. Ke3 Ka3 53. Nd4 b2 54. Nb5+ Kb3 55. Nd4+ Rxd4 0-1

[Event "POL-chT U20"]
[Site "Lublin"]
[Date "2021.06.26"]
[Round "1.3"]
[White "Janeczko, Jakub"]
[Black "Kubik, Rafal"]
[Result "1-0"]
[WhiteElo "1918"]
[BlackElo "1761"]
[PlyCount "41"]
[EventDate "2021.06.26"]
[EventType "team-tourn"]
[EventRounds "9"]
[EventCountry "POL"]
[SourceTitle "CBM 203 Extra"]
[Source "ChessBase"]
[SourceDate "2021.09.30"]
[SourceVersion "1"]
[SourceVersionDate "2021.09.30"]
[SourceQuality "1"]
[WhiteTeam "Warszawa Czternastka"]
[BlackTeam "Rydultowy Ognisko"]
[WhiteTeamCountry "POL"]
[BlackTeamCountry "POL"]

1. e4 e5 2. Nf3 Nc6 3. Bc4 Bc5 4. 0-0 Nf6 5. d3 0-0 6. Bb3 a5 7. c3 d5 8. Nbd2 Bg4 9. h3 Bh5 10. a4 Re8 11. Qe2 dxe4 12. dxe4 Qe7 13. Re1 Rad8 14. Nf1 Bg6 15. Ng3 Nh5 16. Nxh5 Bxh5 17. g4 Bg6 18. Bg5 Qd7 19. Rad1 Qc8 20. Bxd8 Nxd8 21. Qb5 1-0

[Event "Rubinstein Memorial-C 55th"]
[Site "Polanica Zdroj"]
[Date "2019.08.17"]
[Round "1"]
[White "Pyka, Roman"]
[Black "Kubik, Rafal"]
[Result "1/2-1/2"]
[WhiteElo "1860"]
[BlackElo "1464"]
[PlyCount "88"]
[EventDate "2019.08.17"]
[EventType "swiss"]
[EventRounds "9"]
[EventCountry "POL"]
[SourceTitle "EXT 2020"]
[Source "ChessBase"]
[SourceDate "2019.10.17"]
[SourceVersion "1"]
[SourceVersionDate "2019.10.17"]
[SourceQuality "1"]

1. f4 d5 2. b3 g6 3. Bb2 Nf6 4. Nf3 Bg7 5. e3 0-0 6. Be2 c5 7. 0-0 Nc6 8. Ne5 Qc7 9. Nxc6 Qxc6 10. Bf3 Bf5 11. d3 Qd7 12. h3 h5 13. Nd2 Rfd8 14. Qe2 Rac8 15. Rac1 b5 16. Rfd1 Qc7 17. Be5 Qb6 18. e4 dxe4 19. dxe4 c4+ 20. Kh2 Be6 21. Nf1 cxb3 22. cxb3 a6 23. Rxd8+ Qxd8 24. Rxc8 Qxc8 25. Ne3 Nh7 26. Nd5 Bxd5 27. exd5 Nf6 28. Qd3 Nd7 29. Bxg7 Kxg7 30. Qd4+ Nf6 31. g4 hxg4 32. hxg4 Kg8 33. Kg3 Ne8 34. Qa7 Kf8 35. Qd4 Kg8 36. Qe5 Qc7 37. Qxc7 Nxc7 38. b4 Kf8 39. Kf2 Ke8 40. Ke3 Kd7 41. Kd4 Kd6 42. Be4 Na8 43. Bf3 Nc7 44. Be4 Na8 1/2-1/2